II Simposio sobre manejo, calidad, y fisiología de postcosecha de frutas
Збережено в:
| Автор: | |
|---|---|
| Формат: | Книга |
| Мова: | Іспанська |
| Опубліковано: |
Santiago
Universidad de Chile
1976
|
| Серія: | Publicaciones Misceláneas Agrícolas, 12
|
| Предмети: | |
| Теги: |
Додати тег
Немає тегів, Будьте першим, хто поставить тег для цього запису!
|
MARC
| LEADER | 00000nam a2200000 a 4500 | ||
|---|---|---|---|
| 001 | UCM8848 | ||
| 003 | CL-VaPUC | ||
| 005 | 20230817172017.0 | ||
| 008 | 030328e19760000cl 1 spa d | ||
| 082 | 0 | 4 | |a 634.04 |b LIZ |2 21 |
| 100 | |a Lizana Malinconi, Luis Antonio |e autor |9 620292 | ||
| 245 | 1 | 0 | |a II Simposio sobre manejo, calidad, y fisiología de postcosecha de frutas |
| 260 | |a Santiago |b Universidad de Chile |c 1976 | ||
| 300 | |a 186 p | ||
| 490 | 0 | |a Publicaciones Misceláneas Agrícolas, 12 | |
| 583 | |a last modification |c 20190822 01:37:02 |k Rodrigo Vera | ||
| 650 | 0 | 0 | |a Frutas |9 259500 |
| 650 | 0 | 0 | |a Hortalizas |9 259501 |
| 650 | 0 | 7 | |a CALIDAD DE LOS PRODUCTOS |2 CL-VaPUC |9 259810 |
| 650 | 0 | 0 | |a Cosecha |9 259688 |
| 650 | 0 | 7 | |a ENFERMEDAD DE LAS PLANTAS |2 CL-VaPUC |9 620293 |
| 650 | 0 | 0 | |a Control de plagas |9 327373 |
| 650 | 0 | 0 | |a Almacenaje |9 413162 |
| 650 | 0 | 0 | |a Congresos |9 257560 |
| 942 | |c BK | ||
| 945 | |a cmena |d 20030328 00:00:00 | ||
| 546 | |a En Español | ||
| 536 | |a Universidad de Chile | ||
| 518 | |p Simposio sobre Manejo- Calidad y Fisiología de Postcosecha de Frutas, 2, San Felipe, 8 al 10 de junio de 1976 | ||
| 999 | |c 383857 |d 383855 | ||